| 000 | 00738cab a2200181 4500 | ||
|---|---|---|---|
| 001 | ##L131320 | ||
| 008 | 051020n2005 000 0 eng u | ||
| 035 | _a(Sirsi) u131320 | ||
| 041 | 0 | _aeng | |
| 100 | 1 | _aWatts, Andrew | |
| 245 | 0 | 0 | _aSo you want to get into composting? |
| 260 | 3 | _c2005 | |
| 490 | 0 |
_aFarmers' Weekly _v14 October 2005, 38-41(3) |
|
| 520 | _aViews farm composting of local authority green waste as a farm diversification with a sound future but asks if it is worth having to overcome all the regulatory hurdles. Advises on all aspects of the process and provides case studies and sources of further information. | ||
| 590 | _aIKA251005 | ||
| 690 | _aENVIRONMENTAL AND LAND CONSULTANCY-AGRIBUSINESS | ||
| 942 | _n0 | ||
| 999 |
_c76038 _d76038 |
||